Historia imaginaria de amores y desvarios (Registro nro. 56031)

Detalles MARC
001 - NÚMERO DE CONTROL
campo de control 73211
005 - FECHA Y HORA DE LA ÚLTIMA TRANSACCIÓN
campo de control 20260506071425.0
008 - DATOS DE LONGITUD FIJA--INFORMACIÓN GENERAL
campo de control de longitud fija 960313s1992 spa
020 ## - NÚMERO INTERNACIONAL ESTÁNDAR DEL LIBRO
Número Internacional Estándar del Libro 9789589096215
035 ## - NÚMERO DE CONTROL DEL SISTEMA
Número de control de sistema 73211
035 ## - NÚMERO DE CONTROL DEL SISTEMA
Número de control de sistema (OCoLC)318378403
040 ## - FUENTE DE LA CATALOGACIÓN
Centro/agencia transcriptor comduadb
041 ## - CÓDIGO DE LENGUA
Código de lengua del texto/banda sonora o título independiente spa
082 #4 - NÚMERO DE LA CLASIFICACIÓN DECIMAL DEWEY
Número de clasificación 970
100 10 - ENTRADA PRINCIPAL--NOMBRE DE PERSONA
Nombre de persona España, Gonzalo,
Fechas asociadas al nombre 1945-
Código de función aut
Término indicativo de función/relación Autor/a
9 (RLIN) 256248
245 10 - MENCIÓN DE TÍTULO
Título Historia imaginaria de amores y desvarios
260 ## - PUBLICACIÓN, DISTRIBUCIÓN, ETC.
Lugar de publicación, distribución, etc. Bogotá :
Nombre del editor, distribuidor, etc. Tres Culturas,
Fecha de publicación, distribución, etc. 1992.
300 ## - DESCRIPCIÓN FÍSICA
Extensión 141 páginas :
Otras características físicas ilustraciones.
650 ## - PUNTO DE ACCESO ADICIONAL DE MATERIA--TÉRMINO DE MATERIA
Término de materia o nombre geográfico como elemento de entrada América - Historia
9 (RLIN) 1273
650 #7 - PUNTO DE ACCESO ADICIONAL DE MATERIA--TÉRMINO DE MATERIA
Término de materia o nombre geográfico como elemento de entrada Leyendas indígenas
Fuente del encabezamiento o término lemb
9 (RLIN) 39304
942 ## - ELEMENTOS DE ENTRADA AGREGADA (KOHA)
Tipo de ítem Koha Libros
Existencias
Estado de retiro Estado de pérdida Estado dañado No para préstamo Código de colección Localización permanente Ubicación/localización actual Fecha de adquisición Número de inventario Total de préstamos Signatura topográfica completa Código de barras Fecha visto por última vez Número de copia Precio válido a partir de Tipo de ítem Koha
        Colección Semiactiva Planta Baja Biblioteca Carlos Gaviria Díaz, Campus Medellín Biblioteca Carlos Gaviria Díaz, Campus Medellín 07/05/1998 C117190   970.015 E77h 61000002652309 21/04/2023 1 21/04/2023 Libros